Before the wall fell: the science of man in the socialist europe (Record no. 81052)

MARC details
000 -LEADER
fixed length control field 00872nam a2200181 a 4500
008 - FIXED-LENGTH DATA ELEMENTS--GENERAL INFORMATION
fixed length control field 120416s1993 ||||||||||||||||| || u
020 ## - INTERNATIONAL STANDARD BOOK NUMBER
International Standard Book Number 1551300109
050 ## - LIBRARY OF CONGRESS CALL NUMBER
Classification number Q 175.5 Bef
100 ## - MAIN ENTRY--PERSONAL NAME
Personal name Sigmon, Becky A
245 10 - TITLE STATEMENT
Title Before the wall fell: the science of man in the socialist europe
Statement of responsibility, etc edited by Becky A Sigmon
260 ## - PUBLICATION, DISTRIBUTION, ETC. (IMPRINT)
Place of publication, distribution, etc Toronto
Name of publisher, distributor, etc Canadian Scholars Press
Date of publication, distribution, etc 1993
300 ## - PHYSICAL DESCRIPTION
Extent xx, 204p : ill.
350 ## -
-- 0.00
650 ## - SUBJECT ADDED ENTRY--TOPICAL TERM
Topical term or geographic name as entry element PHYSICAL ANTHROPOLOGY--EUROPE, EASTERN--HISTORY
650 ## - SUBJECT ADDED ENTRY--TOPICAL TERM
Topical term or geographic name as entry element SCIENCE AND STATE--EUROPE, EASTERN--HISTORY-20th CENTURY
995 ## - RECOMMENDATION 995 [LOCAL, UNIMARC FRANCE]
-- 0.00
-- CBU-MAIN LIBRARY (Kitwe)
-- 1
-- 18.95
-- 1
-- AVAILABLE
-- Main Library Open Access Collection
995 ## - RECOMMENDATION 995 [LOCAL, UNIMARC FRANCE]
-- 0.00
-- CBU-MAIN LIBRARY (Kitwe)
-- 2
-- 18.95
-- 2
-- AVAILABLE
-- Main Library Open Access Collection
Holdings
Withdrawn status Lost status Source of classification or shelving scheme Damaged status Not for loan Permanent Location Current Location Shelving location Date acquired Total Checkouts Full call number Barcode Date last seen Copy number Price effective from Koha item type
          CBU-MAIN LIBRARY, KITWE. CBU-MAIN LIBRARY, KITWE.   07/14/2023   Q 175.5 Bef 41039 07/14/2023 1 07/14/2023 MONOGRAPH
          CBU-MAIN LIBRARY, KITWE. CBU-MAIN LIBRARY, KITWE.   07/14/2023   Q 175.5 Bef 41042 07/14/2023 2 07/14/2023 MONOGRAPH